<?xml version="1.0" encoding="UTF-8"?>
<record
    xmlns:xsi="http://www.w3.org/2001/XMLSchema-instance"
    xsi:schemaLocation="http://www.loc.gov/MARC21/slim http://www.loc.gov/standards/marcxml/schema/MARC21slim.xsd"
    xmlns="http://www.loc.gov/MARC21/slim">

  <leader>01034nam a22002537a 4500</leader>
  <controlfield tag="003">BPGM</controlfield>
  <controlfield tag="005">20260526222220.0</controlfield>
  <controlfield tag="008">260410s1987    mx o|||gr|||| 001 0 spa d</controlfield>
  <datafield tag="020" ind1=" " ind2=" ">
    <subfield code="a">968-16-2579-X </subfield>
  </datafield>
  <datafield tag="040" ind1=" " ind2=" ">
    <subfield code="b">spa</subfield>
  </datafield>
  <datafield tag="082" ind1="0" ind2="4">
    <subfield code="2">701.15</subfield>
    <subfield code="a">V34</subfield>
  </datafield>
  <datafield tag="100" ind1=" " ind2=" ">
    <subfield code="a">VALLIER. DORA </subfield>
  </datafield>
  <datafield tag="245" ind1=" " ind2=" ">
    <subfield code="a">EL ARTE POR DENTRO : </subfield>
    <subfield code="b">CONVERSACIONES CON BRAQUE, L&#xC9;QER, VILLON, MIR&#xD3; Y BRANCUSI</subfield>
  </datafield>
  <datafield tag="260" ind1=" " ind2=" ">
    <subfield code="a">M&#xC9;XICO : </subfield>
    <subfield code="b">FONDO DE CULTURA ENC&#xD3;MICA , </subfield>
    <subfield code="c">1987 . </subfield>
  </datafield>
  <datafield tag="300" ind1=" " ind2=" ">
    <subfield code="a">138 p&#xE1;ginas ; </subfield>
    <subfield code="c">13.3 cm x 21 cm </subfield>
  </datafield>
  <datafield tag="336" ind1=" " ind2=" ">
    <subfield code="2">rdacontent</subfield>
    <subfield code="a">texto</subfield>
    <subfield code="b">txt</subfield>
  </datafield>
  <datafield tag="337" ind1=" " ind2=" ">
    <subfield code="2">rdamedia</subfield>
    <subfield code="a">sin mediaci&#xF3;n</subfield>
    <subfield code="b">n</subfield>
  </datafield>
  <datafield tag="338" ind1=" " ind2=" ">
    <subfield code="2">rdacarrier</subfield>
    <subfield code="a">volumen </subfield>
    <subfield code="b">nc</subfield>
  </datafield>
  <datafield tag="490" ind1="0" ind2=" ">
    <subfield code="a">CUADERNOS DE LA GACETA </subfield>
    <subfield code="v">37</subfield>
  </datafield>
  <datafield tag="505" ind1=" " ind2=" ">
    <subfield code="a">LOS ARTISTAS MODERNOS, CUANDO HAN HECHO DECLARACIONES SOBRE SU TRABAJO, COINCIDEN EN QUE LAS CONSIDERACIONES TE&#xD3;RICAS S&#xD3;LO PUEDEN SER REFLEXIONES ULTERIORES ACERCA DE HECHOS ART&#xCD;STICOS QUE LAS PRECEDIERON. </subfield>
  </datafield>
  <datafield tag="650" ind1=" " ind2=" ">
    <subfield code="a">LAS ARTES     BELLAS ARTES Y ARTES DECORATIVAS</subfield>
  </datafield>
  <datafield tag="650" ind1=" " ind2=" ">
    <subfield code="a">FILOSOF&#xCD;A DE LAS BELLAS ARTES Y ARTES DECORATIVAS</subfield>
  </datafield>
  <datafield tag="942" ind1=" " ind2=" ">
    <subfield code="2">ddc</subfield>
    <subfield code="c">CONSULTA</subfield>
  </datafield>
  <datafield tag="952" ind1=" " ind2=" ">
    <subfield code="0">0</subfield>
    <subfield code="1">0</subfield>
    <subfield code="2">ddc</subfield>
    <subfield code="4">0</subfield>
    <subfield code="7">2</subfield>
    <subfield code="8">GENERAL</subfield>
    <subfield code="a">BPCEFC</subfield>
    <subfield code="b">BPCEFC</subfield>
    <subfield code="c">ACCESO "B" PLANTA BAJA</subfield>
    <subfield code="d">2026-05-26</subfield>
    <subfield code="e">DGB</subfield>
    <subfield code="l">0</subfield>
    <subfield code="o">701.15 / V34</subfield>
    <subfield code="p">25644</subfield>
    <subfield code="r">2026-04-10 19:13:25</subfield>
    <subfield code="t">ej, 1</subfield>
    <subfield code="w">2026-04-10</subfield>
    <subfield code="y">GENERAL</subfield>
  </datafield>
  <datafield tag="952" ind1=" " ind2=" ">
    <subfield code="0">0</subfield>
    <subfield code="1">0</subfield>
    <subfield code="2">ddc</subfield>
    <subfield code="4">0</subfield>
    <subfield code="7">0</subfield>
    <subfield code="a">BPCEFC</subfield>
    <subfield code="b">BPCEFC</subfield>
    <subfield code="c">ACCESO "B" PLANTA BAJA</subfield>
    <subfield code="d">2026-05-26</subfield>
    <subfield code="e">DGB</subfield>
    <subfield code="l">0</subfield>
    <subfield code="o">701.15 / V34</subfield>
    <subfield code="p">25645</subfield>
    <subfield code="r">2026-04-10 19:15:14</subfield>
    <subfield code="t">ej. 2 </subfield>
    <subfield code="w">2026-04-10</subfield>
    <subfield code="y">GENERAL</subfield>
  </datafield>
  <datafield tag="999" ind1=" " ind2=" ">
    <subfield code="c">68567</subfield>
    <subfield code="d">68567</subfield>
  </datafield>
</record>
